000 00807nam a2200205 a 4500
001 BRCA_1604
005 20190320203458.0
008 131205s1987----sp-a---###---#000-0#spa-d
020 _a8475062180
050 4 _aND150
_b.M34 1987
245 1 0 _aMaestros antiguos de la colección Thyssen-Bornemisza
_cFundación Thyssem Bornemisza.
260 _aEspaña
_bMinisterio de Cultura
_c1987
300 _a148 p.
_bil. a color
_c30 cm.
500 _aCatálogo de la exposición realizada en el Museo de la Real Academia de Bellas Artes de San Fernando (España), diciembre 1987 - marzo 1988
500 _aIncluye índice alfabético de pintores
650 1 4 _aPintura medieval
_xHistoria
_95050
650 1 4 _aPintura renancentista
_xHistoria
_95051
710 2 _aFundación Thyssem Bornemisza
_95052
942 _2lcc
_cB
999 _c1418
_d1418